000 01450cam a2200229 4500
008 040427n2004 000 0 eng u
020 _a0110908945
035 _a(Sirsi) u126022
041 _aeng
245 4 _aThe Leasehold Reform (Enfranchisement and Extension) (Amendment) (Wales) Regulations 2004
260 _aLondon
_bHMSO
_c2004
490 _aSI
_v2004: 699
520 _aCame into force 31 March 2004. Amend the Leasehold Reform (Enfranchisement and Extension) Regulations 1967 consequential to amendments made to the Leasehold Reform Act 1967 s1 by the Commonhold and Leasehold Reform Act 2002 ss138-140. The provisions in the 2002 Act abolished the residence test with two exceptions: i) where the tenancy is a business tenancy; and ii) where a flat forming part of the house is let to a tenant who is a qualifying tenant for the purposes of the Leasehold Reform, Housing and Urban Development Act 1993 Part I. See Explanatory Note for further details. View at www.legislation.hmso.gov.uk.
650 _aLEASEHOLD REFORM (ENFRANCHISEMENT AND EXTENSION) (AMENDMENT) (WALES) REGULATIONS 2004
650 _aCOMMONHOLD AND LEASEHOLD REFORM ACT 2002
650 _aWALES
650 _aENFRANCHISEMENT
650 _aLEASE EXTENSION
690 _aLANDLORD AND TENANT-LEASEHOLD REFORM
856 _uhttps://www.legislation.gov.uk/wsi/2004/699/contents/made
_zView the Regulations free of charge at www.legislation.gov.uk
942 _n0
999 _c103550
_d103550